[Event "YUG-ch"]
[Site "Podgorica"]
[Date "1996.??.??"]
[Round "7"]
[White "Ilincic, Zlatko"]
[Black "Ivanovic, Bozidar"]
[Result "0-1"]
[WhiteElo "2555"]
[BlackElo "2500"]
[Annotator "Ftacnik,L"]
[PlyCount "66"]
[EventDate "1996.02.??"]
[EventType "tourn"]
[EventRounds "15"]
[EventCountry "YUG"]
[EventCategory "9"]
[SourceTitle "CBM 053"]
[Source "ChessBase"]
[SourceDate "1996.08.01"]
[SourceVersion "1"]
[SourceVersionDate "1996.08.01"]
[SourceQuality "1"]

1. d4 Nf6 2. c4 e6 3. Nf3 Bb4+ 4. Bd2 Qe7 5. g3 Nc6 6. Bg2 Bxd2+ 7. Nbxd2 d6 8.
O-O O-O 9. e4 e5 10. d5 Nb8 11. b4 a5 12. a3 Bg4 (12... c6 13. Qb3 (13. Ne1
cxd5 14. exd5 (14. cxd5 Bd7 15. Nc2 Na6 16. Qb1 Rfc8 17. Ne3 axb4 18. axb4 Qd8
19. Qb2 Bb5 20. Rfc1 Rxc1+ 21. Rxc1 g6 22. Nec4 {1/2-1/2 Davies,N-Adams,M/
London WFW/1989/}) 14... Bf5 15. Nb3 axb4 16. axb4 Rxa1 17. Qxa1 b6 18. Nf3 Qb7
19. Nfd2 Nbd7 20. Qb2 Bd3 21. Rc1 Ra8 22. Qc3 e4 {Alonso,Re-Hergott,D/
Capablanca mem-B (12)/1993/ (36)}) 13... cxd5 14. cxd5 axb4 15. axb4 Na6 16.
Rfc1 Bg4 17. Ne1 Be2 18. Qe3 Bb5 19. Qb6 Be2 20. Qe3 Bb5 21. Qb6 Be2 22. Qe3 {
1/2-1/2 Halasz,T-Anka,E/HUN-chT1 9495 (01)/1995/}) (12... Bd7 13. Qc2 Na6 14.
Qc3 Rfc8 15. Nh4 Re8 16. Rac1 Rac8 17. Rfe1 Qd8 18. c5 axb4 19. axb4 Bb5 20.
Nf5 g6 21. Ne3 Qd7 22. c6 bxc6 23. dxc6 Qd8 24. Nb3 Ra8 25. Na5 {1-0 Pardoen,
A-Allen,A/AUS-sf Brisbane (05)/1995/ (46)}) (12... axb4 13. axb4 Rxa1 14. Qxa1
Na6 15. Qc3 c5 16. dxc6 bxc6 17. Ra1 Re8 18. Bf1 c5 19. b5 Nb4 20. Ne1 Bb7 21.
Bg2 Ra8 22. Rxa8+ Bxa8 23. Nd3 Nxd3 24. Qxd3 Qc7 {Khurtsidze,N-Maric,M/Jakarta
iztW/1993/1/2-1/2 (64)}) 13. Qb3 (13. h3 Bxf3 14. Qxf3 c6 15. Qe3 Na6 16. Rfb1
axb4 17. dxc6 bxc6 18. axb4 Qb7 19. Qc3 Nc7 20. Nb3 Ne6 21. c5 Rxa1 22. Rxa1
dxc5 23. Nxc5 Nxc5 24. Qxc5 h5 {1/2-1/2 Golod,V-Hracek,Z/SVK-chT (12)/1994/ 
(28)}) (13. Qc2 Na6 14. Rab1 c6 15. Rfe1 Rfc8 16. Qb2 axb4 17. axb4 c5 18. bxc5
Nxc5 19. Re3 Ra6 20. Ne1 Rca8 21. Nd3 Nfd7 22. Nb3 {1/2-1/2 Sandmeier,
T-Spiegel,S/RLPF-ch Heimbach\W (10)/1987/}) 13... Bxf3 14. Qxf3 Nbd7 (14... Na6
15. Rab1) 15. Qc3 axb4 16. axb4 Rfb8 17. Rfc1 c5 18. dxc6 (18. b5 Nb6 $10)
18... bxc6 19. Nb3 Rxa1 20. Rxa1 Nf8 21. c5 Ne6 22. f4 $2 (22. cxd6 Qxd6 23.
Nc5 Nxc5 $10) (22. Rd1 dxc5 23. Nxc5 Nxc5 (23... Nd4 24. Rd2 $14) 24. Qxc5 Qxc5
25. bxc5 h6 $10) 22... dxc5 23. Qxe5 (23. Nxc5 exf4 24. Qe5 Rxb4 25. Nxe6 fxe6
26. gxf4 $15) 23... Nd7 (23... Rxb4 24. Ra8+ Ne8 25. Na5 $13) 24. Qc3 (24. Ra7
Rxb4) 24... Rxb4 (24... cxb4 $6 25. Qxc6 $14) 25. Ra8+ Ndf8 26. Nd2 (26. f5 Qb7
27. Ra3 Nd4 28. Nxd4 cxd4 $17) 26... Qb7 27. Ra1 Qd7 28. Nf3 (28. f5 Qd4+ 29.
Qxd4 Nxd4 $17) 28... Qb7 29. Nd2 Rb2 30. e5 (30. f5 Nd4 $17) 30... Nd4 31. Qd3
Qb5 $1 32. Nc4 (32. Qxb5 cxb5 33. Ne4 c4 $19) 32... Rc2 33. Bf1 Qxc4 $1 (33...
Qxc4 $1 34. Qxc4 Nf3+ 35. Kh1 Rxh2#) 0-1

[Event "Montreal-A 5th"]
[Site "Montreal"]
[Date "2004.08.15"]
[Round "11"]
[White "Novikov, Igor A"]
[Black "Roussel Roozmon, Thomas"]
[Result "1-0"]
[WhiteElo "2610"]
[BlackElo "2451"]
[Annotator "Ftacnik,L"]
[PlyCount "55"]
[EventDate "2004.08.04"]
[EventType "tourn"]
[EventRounds "11"]
[EventCountry "CAN"]
[EventCategory "12"]
[SourceTitle "CBM 103"]
[Source "ChessBase"]
[SourceDate "2004.11.11"]
[SourceVersion "1"]
[SourceVersionDate "2004.11.11"]
[SourceQuality "1"]

1. d4 Nf6 2. c4 e6 3. Nf3 Bb4+ 4. Bd2 c5 5. Bxb4 cxb4 6. g3 O-O 7. Bg2 d6 8.
O-O Nc6 9. Nbd2 e5 10. d5 Nb8 11. a3 Na6 12. Ne1 Qb6 13. Nd3 Bf5 (13... Bg4 14.
Kh1 Nc5 15. Nxc5 Qxc5 16. axb4 Qxb4 17. f3 Bd7 18. b3 a5 19. e4 b5 20. f4 Rfe8
21. f5 a4 22. Rb1 a3 {0-1 Naumkin,I-Stepanov,P/Budapest 1991/ (33)}) (13... Re8
14. e4 Bg4 {1/2-1/2 Horvath,J-Vukanovic,S/Paks 1996/ (14)}) 14. axb4 (14. e4
Bg4 15. Qe1 (15. Bf3 Qd4 16. Qe2 Bxf3 17. Qxf3 Rfc8 18. Rfd1 Nc5 19. Nxc5 Qxc5
20. axb4 Qxb4 21. Qa3 Qb6 22. b4 {1/2-1/2 Pantsulaia,L-Moiseenko,A/Kocaeli
2002/ (39)}) 15... Nd7 16. h3 Bh5 17. axb4 Nxb4 18. Nxb4 Qxb4 19. Qe3 Nc5 20.
Ra2 a5 21. Rc1 Bg6 22. g4 f6 {1/2-1/2 Komarov,D-Vezzosi,P/Reggio Emilia 1998/ 
(29)}) 14... Bxd3 $6 {Roussel doesn't feel the whole danger of the situation,
black is probably doing fine after 14...Nxb4!?} (14... Nxb4 $5 15. c5 Qb5 16.
Nxb4 Qxb4 17. cxd6 Rfd8 18. e4 Bd7 $13) 15. b5 $1 (15. exd3 Nxb4 16. Ne4 Nd7
$11) 15... Bxc4 (15... Bxe2 16. Qxe2 Nc5 17. b4 Ncd7 18. Qe3 $14) (15... Nc5
16. exd3 Nxd3 17. Qe2 $14) 16. Nxc4 Qxb5 17. Nxd6 Qd7 (17... Qxb2 18. Rb1 Qc3
19. Nxb7 e4 20. d6 $14) 18. Nc4 e4 (18... Rfe8 19. Qa4 Qxa4 20. Rxa4 Nc5 21.
Ra3 $14) 19. d6 {Novikov can nurture hopes for the future, since his d6 might
be strong and bishop will be dangerous in the endgame.} Rfd8 (19... Nc5 20. b4
Ne6 21. Qd2 Qb5 22. Ne3 Rfd8 23. Rfd1 $16) 20. Qd4 Qe6 (20... Nb4 21. Bxe4 Nxe4
22. Qxe4 Re8 23. Qf3 Nc2 24. Rad1 $14) 21. Rfd1 Nb4 22. Ne3 (22. Rac1 Rac8 23.
Qe5 Qxe5 24. Nxe5 Rxc1 25. Rxc1 Nbd5 26. Bh3 $16) 22... Nc6 23. Qc5 g6 (23...
Ne8 24. Nf5 (24. Nc4 Rac8 25. b3 Nf6 26. Rac1 $14) 24... g6 25. Ne7+ Nxe7 26.
dxe7 Rxd1+ 27. Rxd1 Rc8 28. Qd4 f5 29. f3 Rc4 30. Qxa7 Qxe7 $11) 24. Rd2 Rac8
25. Rad1 b6 (25... Kg7 26. Qc4 $14) 26. Qg5 Qe5 $6 (26... Ne5 $5 27. Qh4 Ned7
28. g4 h6 29. Qxh6 Nxg4 30. Qh3 Ndf6 31. Nxg4 Nxg4 32. Rd4 f5 33. d7 $14) 27.
h4 Rb8 $2 {[%mdl 8192] Defense is ungrateful, the last move is clearly not
improving the coordination of black pieces.} (27... Kg7 28. Bh3 Qxg5 29. hxg5
Nd7 30. Rc2 Nce5 31. Rc7 $18) 28. Rc1 (28. Rc1 Rbc8 29. Rxc6 Qxg5 30. Rxc8 Qe5
31. Rxd8+ Kg7 32. d7 $18) 1-0

[Event "RUS-ch qual 57th"]
[Site "Tomsk"]
[Date "2004.05.27"]
[Round "5"]
[White "Vorobiov, Evgeny E"]
[Black "Maletin, Pavel"]
[Result "0-1"]
[WhiteElo "2552"]
[BlackElo "2423"]
[Annotator "Ftacnik,L"]
[PlyCount "78"]
[EventDate "2004.05.23"]
[EventType "swiss"]
[EventRounds "9"]
[EventCountry "RUS"]
[SourceTitle "CBM 102"]
[Source "ChessBase"]
[SourceDate "2004.09.23"]
[SourceVersion "1"]
[SourceVersionDate "2004.09.23"]
[SourceQuality "1"]

1. d4 Nf6 2. c4 e6 3. Nf3 Bb4+ 4. Bd2 Qe7 5. g3 Nc6 6. Bg2 Bxd2+ 7. Nbxd2 d6 8.
O-O a5 9. e4 e5 10. d5 Nb8 11. c5 O-O 12. cxd6 cxd6 13. Qc2 Na6 14. Rfc1 Bd7
15. Ne1 {White has to live with the fact, that black position is very solid
with better bishop and good control of the dark squares.} (15. Nc4 Rfc8 16. Qe2
Bb5 17. Nfd2 Nc5 18. Qe3 Bxc4 19. Nxc4 Rc7 20. a4 Ra6 21. f3 Nfd7 22. Bf1 Nb6
23. Na3 Ra8 24. Nb5 Rcc8 25. Bh3 Nbd7 26. Rc3 b6 {1/2-1/2 Olausson,C-Astrom,G/
Sweden 2000/ (60)}) 15... Rfc8 16. Qb3 Nc5 17. Qe3 b6 18. b3 (18. Nc4 Rab8 19.
Nd3 Nxd3 20. Qxd3 Rc5 $11) 18... Qd8 19. a3 b5 20. Rc2 (20. b4 axb4 (20... Na4
21. Nb3 Rxc1 22. Rxc1 axb4 23. axb4 Nb6 24. Na5 $36) 21. axb4 Rxa1 22. Rxa1 Na4
23. Nef3 $11) 20... Qb6 21. Rac1 Ng4 22. Qf3 $2 {The queen will learn to
regret this clumsy move, from f3 she obstructs manouvers of her own forces.} (
22. Qe2 f5 23. Bh3 Qb7 $13) 22... a4 $1 23. bxa4 (23. b4 Nb3 24. Nxb3 axb3 25.
Rxc8+ (25. Qxb3 Nxf2 $19) 25... Rxc8 26. Rb1 Qd4 27. Qe2 Rc3 $15) (23. h3 axb3
24. Rb2 Nf6 $17) 23... Rxa4 24. Rc3 (24. h3 Nf6 25. Rc3 Rca8 $17) 24... Rca8
25. Nd3 Nxd3 (25... Rxa3 26. Nxc5 Rxc3 27. Qxc3 Qxc5 28. Qxc5 dxc5 29. Rxc5 Ra2
30. Rc7 Rxd2 31. Rxd7 $11) 26. Rxd3 Rd4 $1 (26... f5 27. exf5 Rf8 28. Qe2 Rxf5
29. Rf1 Qa6 30. Rb3 Rf8 $15) 27. Rxd4 (27. Rcc3 b4 28. axb4 Ra1+ 29. Bf1 (29.
Nf1 Rxe4 30. Ra3 Ree1 $17) 29... f5 30. exf5 e4 31. Qxg4 exd3 32. Qh5 Re1 $17)
27... exd4 $5 {[%mdl 32] Maletin plays impressively in strategical sense, this
ambitious capture is very dangerous for white.} (27... Qxd4 28. Nb1 Qb2 29. Rf1
Rc8 $15) 28. Bf1 (28. Nb1 d3 29. Qf4 Ne5 30. Qd2 f5 $15) 28... d3 $1 29. Rc3 (
29. Bxd3 Rxa3 30. Rc6 Qa7 (30... Bxc6 31. Qxg4 Be8 32. Qc8 Kf8 $19) 31. Rxd6
Ne5 32. Qf5 Rxd3 33. Qxe5 Rxd2 $19) 29... Ne5 30. Qd1 (30. Qe3 $2 Qxe3 31. fxe3
b4 32. axb4 Ra2 $19) 30... b4 (30... Qd4 31. Rb3 Qa4 $15) 31. axb4 Ra2 32. Kg2
(32. Qc1 h6 33. Bg2 Ng4 34. Qe1 Qxb4 35. Rxd3 Ne5 36. Rb3 Qa5 $19) 32... Ng4 (
32... f5 33. Bxd3 Qd4 34. Rc2 Ra1 35. Qh5 g6 (35... Qxd3 $4 36. Rc8+ Bxc8 37.
Qe8#) 36. Qe2 Qxd3 $19) 33. Qe1 Ra1 $1 {Vorobiov was not able to solve all his
problems with aggressive black's pieces.} 34. Nc4 (34. Qxa1 Qxf2+ 35. Kh3 Qxh2#
) 34... Qa7 35. Qd2 Ra2 36. Nb2 Qd4 37. Bxd3 (37. Rxd3 Qxb2 $19) (37. h3 Nxf2
38. Qc1 h6 39. Rc8+ Kh7 $19) 37... Nxf2 $1 {The final blow in excellently
played middlegame, white is falling apart.} 38. Qc2 g6 39. e5 Nxd3 0-1

[Event "USA-ch"]
[Site "Seattle"]
[Date "2003.01.09"]
[Round "1"]
[White "Goldin, Alexander"]
[Black "Paschall, William M"]
[Result "1-0"]
[WhiteElo "2621"]
[BlackElo "2444"]
[Annotator "Ftacnik,L"]
[PlyCount "59"]
[EventDate "2003.01.09"]
[EventType "swiss"]
[EventRounds "9"]
[EventCountry "USA"]
[SourceTitle "CBM 093"]
[Source "ChessBase"]
[SourceDate "2003.04.01"]
[SourceVersion "1"]
[SourceVersionDate "2003.04.01"]
[SourceQuality "1"]

1. d4 Nf6 2. c4 e6 3. Nf3 Bb4+ 4. Bd2 a5 5. Nc3 b6 6. Bg5 h6 7. Bh4 g5 8. Bg3
Ne4 9. Qc2 Bb7 10. e3 d6 11. Bd3 f5 12. O-O Bxc3 13. bxc3 Nd7 14. d5 Ndc5 15.
Nd4 Qf6 16. Bxe4 fxe4 17. f4 O-O-O {The players have reached the famous line
of Nimzo/queen's indian opening with one small difference, that a7-a5 was
already played.} (17... g4 $1 18. dxe6 h5 19. f5 O-O-O $13) 18. dxe6 Nxe6 (
18... g4 19. Qf2 $1 Rde8 20. Bh4 $16) 19. fxg5 Nxd4 (19... Qg6 20. Rf6 Nxd4 21.
cxd4 Qxg5 22. Qf2 $14) 20. cxd4 Qxg5 21. Rf4 Rdf8 $6 (21... Rhf8 22. Raf1 Rxf4
23. Rxf4 $14) 22. Rc1 (22. Raf1 Rxf4 23. Rxf4 $14) 22... Kb8 (22... Rxf4 23.
Bxf4 Qg7 24. c5 bxc5 25. dxc5 d5 26. c6 Ba6 27. Qd2 $18) 23. c5 $1 {[%mdl 32]
Breaking black's pawn structure will turn white bishop on g3 into hero on the
dark squares.} Rxf4 (23... dxc5 24. dxc5 Qxc5 25. Qxc5 bxc5 26. Rxc5 Rxf4 27.
Bxf4 Rh7 28. Rxa5 $16) 24. Bxf4 Qe7 25. Qb2 Rc8 (25... Ka7 26. Rb1 Qd8 27. cxd6
cxd6 28. d5 Re8 (28... Rh7 29. Qd4 $16) 29. Bxh6 $18) 26. cxd6 cxd6 27. Rxc8+
Kxc8 (27... Bxc8 28. Qxb6+ Ka8 29. Bxd6 Qa7 30. Qb5 $18) 28. Qxb6 {Nearly all
black pawns are under fire now and his position is lost.} a4 (28... Qc7 29.
Qxc7+ Kxc7 30. Bxh6 $18) 29. Bxd6 Qf7 30. Bf4 1-0

[Event "FRA-chT Gp-A"]
[Site "France"]
[Date "2003.04.04"]
[Round "5.5"]
[White "Van Wely, Loek"]
[Black "Miralles, Gilles"]
[Result "0-1"]
[WhiteElo "2675"]
[BlackElo "2451"]
[Annotator "Ftacnik,L"]
[PlyCount "60"]
[EventDate "2003.01.31"]
[EventType "team"]
[EventRounds "7"]
[EventCountry "FRA"]
[SourceTitle "CBM 095"]
[Source "ChessBase"]
[SourceDate "2003.07.25"]
[SourceVersion "1"]
[SourceVersionDate "2003.07.25"]
[SourceQuality "1"]
[WhiteTeam "Clichy"]
[BlackTeam "Monaco"]
[WhiteTeamCountry "FRA"]
[BlackTeamCountry "FRA"]

1. d4 Nf6 2. c4 e6 3. Nf3 Bb4+ 4. Bd2 a5 5. g3 d6 6. Bg2 Nbd7 7. O-O e5 8. Nc3
O-O 9. a3 Bxc3 10. Bxc3 e4 11. Ng5 {This aggressive knight jump is new and
probably not best, the horse would do better job from the square d2.} d5 12.
cxd5 (12. Qd2 h6 13. Nh3 dxc4 14. Bxa5 b6 15. Bc3 Re8 $11) 12... Qe7 13. d6 $6
(13. Qe1 b6 14. b4 Bb7 15. bxa5 Nxd5 16. Bd2 f5 17. Qb1 Qf6 $44) 13... cxd6 14.
d5 h6 15. Nh3 Ne5 16. f4 (16. Rc1 Bf5 17. Qd4 Rfc8 (17... Qd7 18. Nf4 g5 19. f3
exf3 20. Bxf3 Rac8 21. Nd3 $14) 18. f4 exf3 19. exf3 Rc5 (19... Bxh3 $6 20.
Bxh3 Rc5 21. f4 Rxd5 22. Qe3 Rd3 23. Qe2 Nf3+ 24. Kf2 Qe4 25. Rfd1 $16) 20. Nf4
g5 21. Ne2 Rxd5 $15) 16... Neg4 {Van Wely enjoys two bishops, but his knight
is out of play and the squares e3 and d5 are critically weak.} (16... exf3 17.
exf3 Re8 18. Nf2 $14) 17. Qd4 Bd7 18. Rac1 (18. Nf2 Nxf2 19. Rxf2 Rfc8 $15)
18... Rfc8 19. b4 (19. Qd2 a4 20. f5 Rc5 $15) 19... Bb5 20. bxa5 Rc4 (20...
Bxe2 21. Rfe1 Rc4 22. Qd2 Qc7 23. Rxe2 (23. Bb4 Bd3 24. Rxc4 Qxc4 25. Bxd6 Nxd5
$17) 23... Rc8 $17) 21. Qd2 Rac8 22. Bb4 (22. Bb2 e3 23. Qd1 R8c5 24. f5 Ba4
25. Qe1 Rxc1 26. Bxc1 Bb3 27. Nf4 Nxd5 28. Bb2 $15) 22... Qc7 23. Rxc4 (23. Rb1
Rc2 24. Qd4 Bxe2 $19) 23... Qxc4 {Black pieces are dominating the board and
nearly all of them are more active than their counterparts.} 24. f5 (24. a4 Ba6
(24... Bxa4 25. Bxd6 Nxd5 26. Ra1 Bb5 $17) 25. Bxd6 Nxd5 26. Re1 Nge3 $17)
24... Nxd5 25. Nf4 (25. Bxd6 Nde3 26. Re1 Nxg2 27. Kxg2 e3 28. Qd1 Qe4+ 29. Kg1
Bc6 $19) 25... Nde3 26. Rb1 Nxg2 27. Nxg2 (27. Kxg2 e3 28. Qd3 Qc6+ 29. Qd5
Qxd5+ 30. Nxd5 Bc6 31. Kf3 Nf6 $19) 27... e3 28. Qd3 (28. Nxe3 Qe4 29. Rb3 Bc6
$19) 28... Qa2 29. Qxb5 (29. Qd1 Bxe2 30. Ra1 Qc4 31. Qe1 Bf3 32. Nxe3 Qd4 33.
Rc1 Re8 $19) 29... Qxb1+ 30. Ne1 Rc1 0-1

[Event "Petrov Memorial op"]
[Site "St Petersburg"]
[Date "1996.??.??"]
[Round "7"]
[White "Savchenko, Stanislav"]
[Black "Loginov, Valery A"]
[Result "1-0"]
[WhiteElo "2585"]
[BlackElo "2525"]
[Annotator "Ftacnik,L"]
[PlyCount "81"]
[EventDate "1996.02.??"]
[EventType "swiss"]
[EventRounds "9"]
[EventCountry "RUS"]
[SourceTitle "CBM 052"]
[Source "ChessBase"]
[SourceDate "1996.06.01"]
[SourceVersion "1"]
[SourceVersionDate "1996.06.01"]
[SourceQuality "1"]

1. d4 Nf6 2. c4 e6 3. Nf3 Bb4+ 4. Bd2 Qe7 5. g3 Nc6 6. Nc3 Bxc3 7. Bxc3 Ne4 8.
Qc2 Nxc3 9. Qxc3 Qb4 10. Qxb4 (10. Rc1 a5 (10... Ke7 11. Qxb4+ Nxb4 12. a3 Nc6
13. d5 Nd8 14. Nd4 c5 15. Nb5 d6 16. f4 Bd7 17. Nc3 Rb8 18. e3 a6 19. b4 b6 20.
bxc5 bxc5 21. Kd2 Rb2+ 22. Rc2 {1-0 Schandorff,L-Holst,A/DEN-ch (09)/1991/ (49)
}) (10... d6 11. Bg2 Ke7 12. O-O Qxc3 13. Rxc3 e5 14. d5 Nb8 15. Nd2 Nd7 16. b4
a5 17. a3 axb4 18. axb4 b6 19. Rc2 Ra4 20. Rb1 f5 21. f4 e4 22. g4 Nf6 23. g5
Nh5 24. e3 Bd7 25. Bf1 g6 26. c5 {1-0 Vyzmanavin,A-Nadyrhanov,S/URS-OT56
Barnaul/1988/ (57)}) 11. Bg2 d6 12. O-O Qxc3 13. Rxc3 Bd7 14. Rd1 Nb4 15. a3
Na6 16. Ne1 Rb8 17. Nd3 a4 18. c5 Bb5 19. cxd6 cxd6 20. Bxb7 O-O 21. Bf3 Bxd3
22. Rdxd3 Rb6 23. Rc4 Rxb2 24. Rc6 Nb8 25. Rxd6 {1-0 Cvitan,O-Walti,R/Suhr op 
(04)/1992/ (38)}) 10... Nxb4 11. Kd2 a5 (11... d6 12. Bg2 Ke7 (12... Nc6 $142
$14) 13. Ne1 $1 {/\ 14. a3 Nc6 15. Bc6} c5 $2 14. dxc5 dxc5 15. a3 Rd8+ (15...
Nc6 16. Bxc6 bxc6 17. Nd3 Kd6 $16) 16. Ke3 Na6 17. Nd3 Rd7 18. b4 Rc7 19. Rhb1
Bd7 20. b5 Nb8 21. a4 Bc8 22. a5 Nd7 23. f4 f6 24. g4 g5 25. fxg5 fxg5 26. h3 {
1-0 Eingorn,V-Petrosian,A/Manila olm/1992/ (36)}) (11... b6 12. a3 (12. Bg2 Bb7
13. a3 Nc6 14. Kc3 $14) 12... Na6 13. b4 d6 14. e4 c5 15. Rb1 Bb7 16. Bd3 cxd4
17. Nxd4 Ke7 18. Rhc1 Rhc8 19. f4 Rc7 20. Ke3 Nb8 21. Nb5 Rd7 22. c5 dxc5 23.
bxc5 bxc5 24. e5 Bc6 25. Rxc5 h6 26. Rbc1 a6 27. Nd6 Rxd6 28. exd6+ {1-0
Boensch,U-Libeau,R/BL 9394/1994/}) 12. Bg2 d6 (12... b6 13. Ne5 Ra7 14. a3 Na6
15. b4 $14) 13. a3 Nc6 14. d5 Ne7 (14... exd5 15. cxd5 Ne7 16. Nd4 $14) 15. Nd4
a4 (15... e5 16. Nb5 Kd8 17. b4 $36) 16. Rhc1 Ra5 (16... e5 17. Nb5 Kd8 18. c5
$14) 17. b4 axb3 18. Nxb3 Ra4 19. c5 $1 e5 (19... exd5 20. cxd6 cxd6 21. Bxd5)
20. cxd6 cxd6 21. Ke1 f5 (21... O-O 22. Rc7 Re8 23. Nd2 $14) 22. Nd2 e4 23. Nc4
Nxd5 $2 (23... Ra6 $1 24. Rab1 $14) 24. Nxd6+ Kd7 25. Nxf5 g6 26. Bh3 $1 Nb6 (
26... gxf5 27. Bxf5+ Kd6 28. Rxc8 $18) 27. Ne3+ Kd8 (27... Kd6 28. Rab1 Bxh3
29. Rxb6+ Kd7 30. Rxb7+ $18) 28. Bxc8 Nxc8 29. Rc5 Rd4 (29... Nd6 30. Rd1 Ra6
31. Nc4 $18) 30. Rac1 Nd6 (30... Nb6 31. Rb5 Rd6 32. Rcb1 Nd7 33. Rxb7 $18) 31.
Rc7 h5 32. Rg7 Re8 (32... Rh6 33. h4 $18) 33. Rxg6 Re5 34. Nc2 Rdd5 35. Nb4 Rg5
(35... Rd4 36. e3 $18) 36. Nxd5 Rxg6 37. Nf4 Rh6 38. h4 e3 (38... Nf5 39. Rc5
$18) 39. Rd1 Kc8 40. Rd3 Nf5 (40... exf2+ 41. Kxf2 Ne4+ 42. Kf3 $18) 41. Rd5
1-0